000 00575nam a2200241 a 4500
001 nice12345678
003 IN_TiNIC
005 20260116012313.0
008 050524s1985 dela grp 000 0 eng
020 _a
_c30
082 0 0 _a261.873
_bTOT
100 _aToth, D Karoly
245 _aReorientation to Peace
260 _aDelhi
_bISPCK
_c1985
300 _a188p
500 _aincludes index and biblioraphy
505 2 _aIndex
650 _aPeace-Religious Aspect-Christianity
700 1 _aToth, D Karoly
902 _bSRS
942 _cBK
999 _c6473
_d6473